[Event "Autumn Cup"]
[Site "Wellington Chess Club"]
[Date "2013.05.16"]
[Round "2"]
[White "Wight, Joshua"]
[Black "Cunningham, Patrick"]
[Result "0-1"]
[WhiteElo "1269"]
[BlackElo "1431"]

1. e4 e5 2. Nf3 Nc6 3. Bc4 Bc5 4. Ng5 Qxg5 5. O-O Qd8 6. Nc3 Nf6 7. d3 Na5 8.
b3 Nxc4 9. bxc4 Bd4 10. Bd2 O-O 11. Rb1 Bxc3 12. Bxc3 d6 13. h3 b6 14. f4 Re8
15. fxe5 dxe5 16. Rb5 c5 17. Bb2 Bb7 18. Rf5 Bxe4 19. Rxe5 Rxe5 20. Bxe5 Bc6
21. Rb1 Qe7 22. Qe2 Re8 23. Re1 Nd7 24. c3 Qxe5 25. Qxe5 Rxe5 26. Rxe5 Nxe5 27.
d4 Nxc4 28. dxc5 bxc5 29. Kf2 Kf8 30. Ke2 Ke7 31. Kd3 Ne5+ 0-1

[Event "Autumn Cup"]
[Site "Wellington Chess Club"]
[Date "2013.05.23"]
[Round "3"]
[White "Cunningham, Patrick"]
[Black "Theodosiou, Andreas"]
[Result "1-0"]
[WhiteElo "1431"]
[BlackElo "1303"]

1. e4 c6 2. d4 d5 3. Nc3 dxe4 4. Nxe4 Bf5 5. Ng3 Bg6 6. Nf3 Nd7 7. Bd3 Bxd3 8.
Qxd3 Ngf6 9. O-O e6 10. Bg5 Be7 11. Rfe1 c5 12. Rad1 Qc7 13. d5 c4 14. d6 O-O-O
15. dxc7 cxd3 16. cxd8=Q+ Rxd8 17. Rxd3 h6 18. Bxf6 Bxf6 19. c3 g5 20. Red1 g4
21. Ne1 Be7 22. Nc2 f5 23. Nd4 Nc5 24. R3d2 Bg5 25. Re2 a6 26. b4 Na4 27. Rxe6
Nxc3 28. Rd3 Nxa2 29. Ngxf5 Nxb4 30. Rc3+ Kb8 31. g3 Rd5 32. Re8+ Ka7 33. Rc4
a5 34. Ne3 Rd6 35. Nb5+ Kb6 36. Nxd6 Bxe3 37. Rxe3 Nc6 38. Rb3+ Ka6 39. Rxb7 h5
40. Rxc6# 1-0

[Event "Autumn Cup"]
[Site "Wellington Chess Club"]
[Date "2013.05.23"]
[Round "3"]
[White "Farrington, Lawrence"]
[Black "Stracy, Don"]
[Result "0-1"]
[WhiteElo "1754"]
[BlackElo "1729"]

1. e4 c5 2. c3 Nf6 3. e5 Nd5 4. d4 cxd4 5. cxd4 d6 6. Nf3 Nc6 7. Bc4 Nb6 8. Bb5
dxe5 9. Nxe5 Bd7 10. Nc3 e6 11. O-O Be7 12. Bf4 O-O 13. Nxc6 Bxc6 14. Bxc6 bxc6
15. Ne2 Nd5 16. Bg3 Bd6 17. Rc1 Bxg3 18. Nxg3 Qb6 19. b3 Rfd8 20. Qe2 Rac8 21.
Rfd1 Nf6 22. Qc4 h6 23. Ne2 Ne4 24. Nc3 Nd6 25. Qe2 Nf5 26. Na4 Qb5 27. Qe4 Qd5
28. Qg4 Nxd4 29. h3 e5 30. Kh1 Qe6 31. Qe4 f5 32. Qe1 Rd5 33. Nc5 Qe7 34. Nd3
Rcd8 35. Rc4 c5 36. Qe3 e4 37. Re1 Nc6 38. Nf4 Rd1 39. Rxd1 Rxd1+ 40. Kh2 Rd4
41. Ng6 Qd6+ 42. Nf4 g5 43. Rxd4 Nxd4 44. g3 gxf4 45. gxf4 Ne6 46. Qg3+ Ng7 47.
Kg2 Qd3 0-1

[Event "Autumn Cup"]
[Site "Wellington Chess Club"]
[Date "2013.05.23"]
[Round "3"]
[White "Forster, Bill"]
[Black "Van der Hoorn, Mark"]
[Result "1/2-1/2"]
[WhiteElo "2088"]
[BlackElo "2180"]

1. Nf3 Nf6 2. c4 g6 3. g3 Bg7 4. Bg2 O-O 5. O-O d6 6. Nc3 c5 7. d3 Na6 8. Rb1
Bd7 9. a3 Qc8 10. Re1 Nc7 11. b4 cxb4 12. axb4 Nfe8 13. Bb2 b5 14. Qb3 bxc4 15.
dxc4 Rb8 16. Ra1 Qb7 17. Ne5 Qxb4 18. Qxb4 Rxb4 19. Nxd7 Rxb2 20. Ra3 Rc2 21.
Nd5 Nxd5 22. cxd5 Bd4 23. Nxf8 1/2-1/2

[Event "Autumn Cup"]
[Site "Wellington Chess Club"]
[Date "2013.05.23"]
[Round "3"]
[White "Hewson, Michael"]
[Black "Brockway, Andrew"]
[Result "1/2-1/2"]
[WhiteElo "1848"]
[BlackElo "1836"]

1. e4 c5 2. d4 cxd4 3. c3 g6 4. Nf3 Bg7 5. Bc4 Nc6 6. O-O dxc3 7. Nxc3 d6 8. h3
Nf6 9. Qe2 O-O 10. Rd1 Nd7 11. Bg5 Nb6 12. Bb3 Be6 13. Bxe6 fxe6 14. Nb5 Nc8
15. Nxd6 Nxd6 16. Qe3 Ne5 17. Nd4 Qd7 18. Qb3 Nec4 19. Rac1 Bxd4 20. Rxd4 Rac8
21. Rcxc4 Rxc4 22. Qxc4 Rc8 23. Qb3 Rc5 24. Bf4 Qc8 25. Bxd6 exd6 26. Rxd6 Re5
27. Qc3 Qxc3 28. bxc3 Rxe4 29. Rd8+ Kf7 30. Rd7+ Kf6 31. Rxb7 Ra4 32. Rxh7 Rxa2
33. c4 Ra1+ 34. Kh2 Rc1 35. Rxa7 Rxc4 36. Kg3 Rc3+ 37. Kf4 Rc2 38. Ke3 Rb2 39.
Ra4 Rb3+ 40. Ke4 Rb2 41. Kf3 Rb3+ 42. Kg4 g5 43. h4 gxh4 44. Kxh4 Rb5 45. Rf4+
Kg6 46. Re4 Rh5+ 47. Kg3 Kf6 48. f4 Ra5 49. Kf3 Ra3+ 50. Re3 Ra5 51. g4 Ra4 52.
g5+ Kf7 53. Kg4 Rb4 54. Kf3 Rb1 55. Kg4 Rg1+ 56. Rg3 Rf1 57. Re3 Rg1+ 58. Kf3
Ra1 1/2-1/2

[Event "Autumn Cup"]
[Site "Wellington Chess Club"]
[Date "2013.05.23"]
[Round "3"]
[White "Kay, Bruce"]
[Black "Whittle, Jonathon"]
[Result "1-0"]
[WhiteElo "1804"]
[BlackElo "1775"]

1. d4 g6 2. c4 Bg7 3. Nc3 d6 4. Nf3 Bg4 5. e4 Nc6 6. Be3 a6 7. Be2 e5 8. d5
Bxf3 9. Bxf3 Nd4 10. O-O Ne7 11. Be2 f5 12. f4 Nxe2+ 13. Qxe2 O-O 14. fxe5 Bxe5
15. Bg5 Qd7 16. exf5 Nxf5 17. Rae1 Rae8 18. Qg4 Qg7 19. Bd2 Bd4+ 20. Kh1 Ne3
21. Bxe3 Bxe3 22. Rxf8+ Qxf8 23. Qe2 Bf2 24. Qxe8 Bxe1 25. Qxe1 Kg7 26. h3 Qf6
27. Nd1 Qd4 28. Qc3 Qe5 29. Qxe5+ dxe5 30. Kg1 Kf6 31. Kf2 e4 32. Ke3 Ke5 33.
Nc3 1-0

[Event "Autumn Cup"]
[Site "Wellington Chess Club"]
[Date "2013.05.23"]
[Round "3"]
[White "Ker, Anthony"]
[Black "Stone, Andrew"]
[Result "1-0"]
[WhiteElo "2425"]
[BlackElo "2008"]

1. e4 e5 2. Nf3 Nc6 3. d4 exd4 4. Nxd4 Bc5 5. Nxc6 Qf6 6. Qd2 dxc6 7. Nc3 Bd4
8. f4 Bb6 9. Na4 Qe7 10. Bd3 Nf6 11. Nxb6 cxb6 12. O-O O-O 13. e5 Nd5 14. Qe2
Qh4 15. Bd2 Re8 16. Rae1 b5 17. g3 Qh3 18. f5 Bd7 19. Qf3 Rad8 20. Re4 1-0

[Event "Autumn Cup"]
[Site "Wellington Chess Club"]
[Date "2013.05.23"]
[Round "3"]
[White "Miriyala, Rama Rao"]
[Black "Jackson, Ross"]
[Result "1/2-1/2"]
[WhiteElo "1938"]
[BlackElo "1959"]

1. Nf3 c5 2. g3 Nc6 3. c4 g6 4. Bg2 Bg7 5. Nc3 Nf6 6. d3 O-O 7. O-O d6 8. Bg5
h6 9. Bd2 Bg4 10. Qc1 Kh7 11. h3 Be6 12. Rb1 Qd7 13. Kh2 Nd4 14. Nxd4 cxd4 15.
Nb5 Ng8 16. Ba5 Rfc8 17. Qf4 Be5 18. Qe4 b6 19. Bd2 f5 20. Qb7 Rab8 21. Qxa7
Qd8 22. Bb7 Rc7 23. Nxc7 Qxc7 24. a3 Rxb7 25. Qa8 Bc8 26. Rfc1 e6 27. Qa4 Bd7
28. Qd1 Qd8 29. a4 Ne7 30. b4 d5 31. c5 b5 32. axb5 Bxb5 1/2-1/2

[Event "Autumn Cup"]
[Site "Wellington Chess Club"]
[Date "2013.05.23"]
[Round "3"]
[White "Pandey, Alok"]
[Black "Aldridge, Alan"]
[Result "0-1"]
[WhiteElo "2015"]
[BlackElo "1991"]

1. d4 Nf6 2. Nc3 d5 3. e4 dxe4 4. f3 e3 5. Bxe3 e6 6. Bd3 Bb4 7. Ne2 Nd5 8. Bf2
O-O 9. O-O f5 10. Nxd5 exd5 11. c3 Bd6 12. c4 dxc4 13. Bxc4+ Kh8 14. f4 Nd7 15.
d5 Nf6 16. Bd4 Bd7 17. Ng3 Ng4 18. h3 Qh4 19. Qf3 Nf6 20. Rae1 c6 21. Re6 $5
{Not sure how sound this was, but it certainly made Alan think} 21... Bxe6 22.
dxe6 g6 23. Qc3 Be7 24. Be5 Kg8 25. Ne2 Rad8 26. Nd4 Ne4 27. Qb3 Nc5 28. Qe3
Ne4 29. Kh2 Nf6 30. Nf3 $4 (30. Kg1 Nd5 $15) 30... Ng4+ 0-1

[Event "Autumn Cup"]
[Site "Wellington Chess Club"]
[Date "2013.05.23"]
[Round "3"]
[White "Sknar, Andrew"]
[Black "Konakanchi, Karthik"]
[Result "1-0"]
[WhiteElo "1388"]
[BlackElo "922"]

1. e4 e5 2. Bc4 Nf6 3. Qf3 Nc6 4. c3 Bc5 5. h4 O-O 6. g4 d6 7. b4 Bxg4 8. Qg2
Bb6 9. Bd5 Qd7 10. a4 a6 11. d3 h6 12. f3 Be6 13. Bxh6 Nh5 14. Qg5 f6 15. Qxh5
gxh6 16. Ne2 Be3 17. Rh2 Rf7 18. Rg2+ Rg7 19. Rg6 Bf7 20. Rxh6 Bxh6 21. Bxf7+
Rxf7 22. Qxh6 Rh7 23. Qe3 Rxh4 24. Nd2 Rh1+ 25. Nf1 Qh3 26. Qf2 Kf7 27. Ng3
Rxf1+ 28. Nxf1 Qh1 29. O-O-O Qh6+ 30. Ne3 a5 31. b5 Nd8 32. Kc2 c6 33. Nf5 Qf8
34. d4 cxb5 35. dxe5 fxe5 36. Rxd6 bxa4 37. Qc5 Ne6 38. Qxe5 Qe8 39. Nh6+ Kf8
40. Qf6+ Qf7 41. Qxf7# 1-0

[Event "Autumn Cup"]
[Site "Wellington Chess Club"]
[Date "2013.05.23"]
[Round "3"]
[White "Stoeveken, Peter"]
[Black "Rossiter, Philip"]
[Result "1-0"]
[WhiteElo "1898"]
[BlackElo "1820"]

1. d4 e6 2. c4 Bb4+ 3. Bd2 a5 4. Bxb4 axb4 5. Nf3 Nf6 6. Nbd2 d5 7. e3 Qe7 8.
Bd3 b6 9. Qc2 Bb7 10. b3 Na6 11. cxd5 exd5 12. Bb5+ Kf8 13. Ne5 c5 14. Ndf3 Rc8
15. Qf5 Qe6 16. Qf4 h6 17. g4 g5 18. Qg3 (18. Qxf6 $1 Qxf6 19. Nd7+ {now White
gets his queen stuck in an unhelpful place} ) 18... Nc7 19. Bd3 Ne4 20. Qg2 Kg7
21. Nd2 cxd4 22. exd4 f6 23. Nxe4 fxe5 (23... dxe4 {much better, gaining a
piece} ) 24. Ng3 exd4+ 25. Kd2 Rhf8 $6 26. Bf5 Qe5 27. Nh5+ Kg8 28. Rhe1 Qd6
29. Bxc8 Bxc8 30. h3 Nb5 31. Qg3 Qxg3 ( {better} 31... Qc5 32. Rac1 Nc3 {and
black has loads of play eg} 33. Qe5 $2 Rxf2+) 32. fxg3 Nc3 33. Kd3 Ba6+ 34.
Kxd4 Rd8 35. Re6 Ne2+ 36. Ke5 1-0

[Event "Autumn Cup"]
[Site "Wellington Chess Club"]
[Date "2013.05.23"]
[Round "3"]
[White "Veldhuizen, Matt"]
[Black "Cook, John"]
[Result "1-0"]
[WhiteElo "1556"]
[BlackElo "1614"]

1. e4 c5 2. d4 cxd4 3. c3 Nf6 4. e5 Nd5 5. Qxd4 e6 6. Bc4 Nc6 7. Qe4 Nde7 8.
Nf3 d5 9. exd6 Qxd6 10. Be3 Ng6 11. Nbd2 Be7 12. Nb3 O-O 13. O-O f5 14. Qc2 Kh8
15. Rad1 Qc7 16. Bc5 Nge5 17. Nxe5 Nxe5 18. Bxe7 Qxe7 19. Be2 Bd7 20. Nd4 Ng6
21. Rfe1 e5 22. Bc4 Qc5 23. Be6 exd4 24. Bxd7 dxc3 25. Re3 f4 26. Rxc3 Qg5 27.
f3 Ne7 28. Rc5 Qf6 29. Ba4 Nf5 30. Rd7 Qe6 31. Qd2 Qxa2 32. Bc2 Ne3 33. Qd3
Nxc2 34. Qxc2 Qe6 35. Qd2 Qe3+ 36. Qxe3 fxe3 37. Re5 b6 38. Rxe3 h6 39. Ree7
Rg8 40. Rxa7 Rxa7 41. Rxa7 Rb8 42. Kf2 Kh7 43. b4 Kg6 44. Ra6 Kf5 45. Ke3 g5
46. Kd4 h5 47. Kc4 Ke5 48. Kb5 Kd6 49. Rxb6+ Kc7 50. Rxb8 Kxb8 51. Kc6 Ka7 52.
h4 1-0

[Event "Autumn Cup"]
[Site "Wellington Chess Club"]
[Date "2013.05.23"]
[Round "3"]
[White "Wastney, Scott"]
[Black "Nijman, Brian"]
[Result "1-0"]
[WhiteElo "2453"]
[BlackElo "2218"]

1. e4 c6 2. Nc3 d5 3. Nf3 dxe4 4. Nxe4 Nf6 5. Qe2 $5 Qa5 $4 {presumably missing
White's reply} 6. Nd6+ Kd7 7. Nxf7 Rg8 8. c3 Kc7 9. d4 Qd5 10. Bf4+ Kb6 11. c4
Qa5+ 12. b4 Qxb4+ 13. Nd2 Bf5 14. Qe5 Qc3 15. Qc7+ Ka6 16. c5+ Bd3 17. Bxd3+ (
17. Rb1 $1 Bb5 18. Bxb5+ cxb5 19. Nd8) 17... Qxd3 18. Rb1 Nd5 19. Qxb7+ Ka5 20.
Rb3 Nxf4 21. Qb4+ Ka6 22. Qa4# 1-0

[Event "Autumn Cup"]
[Site "Wellington Chess Club"]
[Date "2013.05.30"]
[Round "4"]
[White "Farrington, Lawrence"]
[Black "List, Robert"]
[Result "1-0"]
[WhiteElo "1754"]
[BlackElo "1665"]

1. e4 c5 2. c3 d6 3. d4 Nd7 4. Nf3 Qb6 5. Bd3 g6 6. O-O cxd4 7. cxd4 Bg7 8. Bc2
e5 9. dxe5 Nxe5 10. Nxe5 Bxe5 11. Ba4+ Kf8 12. Nc3 Bxc3 13. bxc3 Be6 14. Be3
Qc7 15. Qd4 f6 16. Bb3 Bxb3 17. axb3 a6 18. c4 Rc8 19. Bf4 Ke7 20. Rfd1 Rd8 21.
Rd3 g5 22. Bxg5 Qc5 23. Qxc5 dxc5 24. Rxd8 Kxd8 25. Be3 Ne7 26. Bxc5 Nc6 27.
Rd1+ Kc7 28. Ba3 Rd8 29. Rxd8 Kxd8 30. Bc5 Kd7 31. b4 Ne5 32. Bd4 Ke6 33. c5
Nd3 34. Bc3 f5 35. exf5+ Kxf5 36. Kf1 Ke4 37. Bd2 Kd4 38. f4 Kc4 39. f5 h5 40.
h3 Kd5 41. g4 Ke5 42. Ke2 1-0

[Event "Autumn Cup"]
[Site "Wellington Chess Club"]
[Date "2013.05.30"]
[Round "4"]
[White "Jackson, Ross"]
[Black "Aldridge, Alan"]
[Result "1-0"]
[WhiteElo "1959"]
[BlackElo "1991"]

1. d4 Nf6 2. c4 e6 3. Nc3 Bb4 4. e3 O-O 5. Bd3 d5 6. Ne2 c5 7. O-O Nc6 8. a3
Bxc3 9. bxc3 dxc4 10. Bxc4 Qc7 11. Bd3 e5 12. Qc2 Re8 13. f3 Be6 14. dxe5 Nxe5
15. Bb5 Red8 16. Nf4 Bd7 17. Be2 c4 18. e4 Qc5+ 19. Kh1 Bb5 20. g4 h6 21. Ng2
Nd3 22. Be3 Qc6 23. a4 Ba6 24. Bd4 Re8 25. Ne3 {#Diagram A complex and
unbalanced middlegame battle has developed. I think I prefer Black with his
entrenched knight and compact, weakness free setup.} 25... Nf4 {Another good
square for the knight, but sometimes running your knights around a series of
advanced, impressive outposts can be a bit like a rich man playing with his
money rather than spending it.} 26. Bd1 {Very mysterious, surely Black would
never trade his lovely knight for this impoverished prelate?} 26... b6 27. Nf5
Rad8 28. h4 $5 {Optimistic and brave play} 28... Bc8 29. Qh2 $1 {The pawns
advance has the side benefit of making this useful square available} 29... Ne6
$2 {Retreating the knight seems wrong in principle, and is punished due to an
unfortunate tactical detail  } 30. Nxh6+ $1 {The retreating knight has cut off
the queen's defence of the f6 point.} 30... Kf8 31. Nf5 Nxd4 32. Nxd4 Qc5 33.
Ra2 Bb7 34. Raf2 {I like activation of the rook along the second rank in
principle, but f2 doesn't look like a good square to me} 34... Qa3 35. Nb5 Qc5
36. g5 Rxd1 $4 {A pity the game was just getting interesting! Did Black forget
the f2 rook was defended by the h2 queen as well as the f1 rook?} 37. Rxd1 (
{Or maybe the idea was} 37. Rxd1 Ng4 38. fxg4 Bxe4+ {but after} 39. Kg1 {there
is no follow up} ) 1-0

[Event "Autumn Cup"]
[Site "Wellington Chess Club"]
[Date "2013.05.30"]
[Round "4"]
[White "Kay, Bruce"]
[Black "Stoeveken, Peter"]
[Result "1-0"]
[WhiteElo "1804"]
[BlackElo "1898"]

1. d4 Nf6 2. c4 c5 3. d5 d6 4. Nc3 e6 5. g3 exd5 6. cxd5 Nbd7 7. Nf3 Be7 8. Bg2
O-O 9. O-O Re8 10. Nd2 Ne5 11. f4 Neg4 12. Nc4 h5 13. a4 a6 14. a5 Nd7 15. h3
Ngf6 16. e4 b5 17. axb6 Nxb6 18. Nxb6 Qxb6 19. e5 dxe5 20. fxe5 Nd7 {#Diagram
This children, is what we call a dream anti-benoni position} 21. d6 Ra7 22.
dxe7 Rxe7 23. Nd5 1-0

[Event "Autumn Cup"]
[Site "Wellington Chess Club"]
[Date "2013.05.30"]
[Round "4"]
[White "Rossiter, Philip"]
[Black "Hewson, Michael"]
[Result "1-0"]
[WhiteElo "1820"]
[BlackElo "1848"]

1. d4 Nf6 2. c4 c5 3. Nf3 cxd4 4. Nxd4 Nc6 5. Nc3 b6 6. e4 Bb7 7. Be3 g6 8. Be2
d6 9. f3 Bg7 10. Rc1 O-O 11. O-O Rc8 12. Qd2 Ba6 13. b3 Nd7 14. Rfd1 Nf6 15.
Bf1 Qc7 16. Qf2 Qb8 17. Nd5 Qb7 18. Nxc6 Rxc6 19. b4 b5 20. cxb5 Bxb5 {#Diagram
The Nd5xe7+ idea seen in Whittle-Brockway pops up again, in slightly more
refined form} 21. Nxe7+ Qxe7 22. Bxb5 Rxc1 23. Rxc1 Rb8 24. a4 a6 25. Bxa6 Rxb4
26. Bb5 Nd7 27. Qd2 Rb2 28. Qd5 Nf6 29. Qa8+ Bf8 30. Bh6 1-0

[Event "Autumn Cup"]
[Site "Wellington Chess Club"]
[Date "2013.05.30"]
[Round "4"]
[White "Sellen, Ian"]
[Black "Pandey, Alok"]
[Result "1-0"]
[WhiteElo "2041"]
[BlackElo "2015"]

1. c4 Nf6 2. Nf3 g6 3. g3 Bg7 4. Bg2 c6 5. O-O O-O 6. Nc3 d5 7. d3 Re8 8. Bg5
Be6 9. Nd4 Bg4 10. h3 {#Diagram} 10... e5 $2 {Unnecessary and unwarranted} 11.
Nxc6 bxc6 12. hxg4 Nbd7 {Doubling down by giving up a second pawn for nothing}
13. cxd5 cxd5 14. Nxd5 {White had the pawns and the compensation and went on to
win routinely if a little laboriously} 14... Rb8 15. Qd2 Rb5 16. Nxf6+ Bxf6 17.
Bxf6 Qxf6 18. Rac1 Reb8 19. b3 Nc5 20. Qe3 Qe7 21. Bc6 Ra5 22. Rc4 Ne6 23. Rfc1
Qa3 24. R1c2 Nd4 25. Rd2 Qd6 26. Ba4 Rd8 27. Qe4 Rd5 28. e3 Ne6 29. Rc6 Qe7 30.
Qc4 Nc5 31. Bb5 e4 32. d4 Qg5 33. Rc2 Nxb3 34. Rc8 Na5 35. Rxd8+ Qxd8 36. Qc8
Qxc8 37. Rxc8+ Kg7 38. Rc5 Rd6 39. Re5 Rb6 40. Bf1 Nc6 41. Rxe4 Nb4 42. Re7 a5
43. Bc4 Rc6 44. Bxf7 Kf8 45. Ra7 Nd3 46. Bb3 Rc1+ 47. Kg2 Ne1+ 48. Kh3 Nd3 49.
Rf7+ Ke8 50. g5 Rb1 51. Rf6 Rb2 52. Kg2 Nb4 {#Diagram By this point all other
games were finished and a crowd were watching. I was predicting Bg8 and a mass
of five protected and passed pawns, but Ian conducts the rest of the game with
extreme caution. The result never seemed in doubt though.} 53. g4 Nxa2 54. Bxa2
Rxa2 55. Kf1 a4 56. Ke1 a3 57. Ra6 Ra1+ 58. Ke2 a2 59. Kf3 Kd7 60. e4 Kc7 61.
d5 Kb7 62. Ra3 Kb6 63. Ra8 Kc5 64. Kf4 Kd6 65. Ra6+ Kc5 66. d6 Rd1 67. Rxa2
Kxd6 68. Ra7 Rh1 69. f3 Ke6 70. Ra6+ Ke7 71. Ke5 h5 72. gxh6 Rxh6 73. f4 Kf7
74. Ra7+ Ke8 75. Kf6 Rh4 76. Kg5 Rh1 77. Kxg6 Re1 78. e5 Re4 79. Kf5 Rb4 80. g5
Rc4 81. g6 Rc1 82. g7 Rg1 83. g8=Q+ 1-0

[Event "Autumn Cup"]
[Site "Wellington Chess Club"]
[Date "2013.05.30"]
[Round "4"]
[White "Stone, Andrew"]
[Black "Van der Hoorn, Mark"]
[Result "1-0"]
[WhiteElo "2008"]
[BlackElo "2180"]

1. e4 e5 2. Nf3 Nc6 3. Bc4 Nf6 4. d4 exd4 5. O-O Bc5 6. e5 d5 7. exf6 dxc4 8.
Re1+ Be6 9. Ng5 Qd5 ( {One of the Classic Standard Opening Traps(tm) is} 9...
Qxf6 $4 10. Nxe6 fxe6 11. Qh5+ Kd7 12. Qxc5) 10. Nc3 Qf5 11. Nce4 O-O-O 12. g4
Qe5 13. Nf3 {The first deviation from the Max Lange main line}  (13. Nxe6 {has
been played in hundreds of games} ) 13... Qd5 14. fxg7 Rhg8 (14... Bxg4 $1 {has
been played here. After} 15. gxh8=Q Rxh8 16. Nf6 Qxf3 17. Nxg4 Qxd1 18. Rxd1
Rg8 {Black restores rough material equality and is slightly better- the game
ends up transposing to something very similar} ) 15. Nf6 Qd6 16. Nxg8 Rxg8 17.
Ng5 Bb4 {The first deviation from known theory}  (17... Rxg7 {with advantage to
black has been played here L'Ami-Markus Soest 2001} ) 18. Ne4 Qd7 $2 {Playing
for a tactical coup. Simpler is}  (18... Qe5 $1 {and black is better} ) 19. Nf6
Bxg4 $2 {The right idea but the wrong move order}  ( {Black's idea is
illustrated by} 19... Rxg7 $1 20. Nxd7 Bxg4 {and in a chaotic situation, black
holds his own} ) 20. Nxd7 $2 {Falling in with Black's idea, a brilliant finish
was possible}
(20. Nxg8 $3 Bxd1 (20... Bxe1 21. Qxe1) 21. Nf6 {and white gets a
new queen or wins black's existing one (or even both)} ) 20... Bxd1 21. Rxd1
Rxg7+ 22. Kf1 Kxd7 {The fireworks end in a roughly level ending} 23. c3 Bd6 24.
cxd4 Bxh2 25. Ke2 Nb4 26. Be3 Nd5 27. Rh1 Bd6 28. a4 a6 29. Rh4 f5 30. Rah1 Nf6
31. Bf4 b5 $2 {Allowing the bishop to come to e5, after which one of black's
precious extra pawns drops off and the game opens up (favouring the side with
the extra exchange) Andrew plays the rest of the game well. } 32. Be5 Re7 33.
f4 Nd5 34. Kd1 b4 35. Rxh7 Rxh7 36. Rxh7+ Kc6 37. Rh6 Ne3+ 38. Kd2 Ng4 39. Rh5
Kd5 40. Rxf5 Ke4 41. Rg5 Nh2 42. Rg6 Nf3+ 43. Kc1 Kd5 44. Bxd6 cxd6 45. f5 Nxd4
46. f6 {#Diagram} 46... Ne6 $2 {It was essential to reserve this square for the
king, now the f pawn gets away from black and the game is soon effectively
over} 47. Kd2 Nf4 48. Rg5+ Kc6 (48... Ke6 49. f7 $1) 49. Rg4 c3+ 50. bxc3 bxc3+
51. Kc2 Nd5 52. f7 Ne3+ 53. Kxc3 Nxg4 54. f8=Q Ne5 55. Qc8+ Kb6 56. Qb8+ Kc5
57. Qb4+ Kc6 58. a5 Nd7 59. Kd4 d5 60. Qc3+ Kd6 61. Qc8 1-0

[Event "Autumn Cup"]
[Site "Wellington Chess Club"]
[Date "2013.05.30"]
[Round "4"]
[White "Stracy, Don"]
[Black "Cook, John"]
[Result "1-0"]
[WhiteElo "1729"]
[BlackElo "1614"]

1. e4 c5 2. Nf3 Nc6 3. d4 cxd4 4. Nxd4 g6 5. c4 Bg7 6. Be3 e6 7. Nc3 Nge7 8.
Be2 O-O 9. O-O a6 10. Qd2 Re8 11. f4 e5 12. fxe5 Nxe5 13. Nd5 b5 14. cxb5 Nxd5
15. exd5 axb5 16. Nxb5 Qh4 17. Bg5 Nc4 18. Bxc4 Qxc4 19. Nc3 Ba6 20. Rfe1 Qg4
21. h3 Bd4+ 22. Be3 Bxe3+ 23. Rxe3 Qf5 24. Rae1 Rxe3 25. Rxe3 Qf1+ 26. Kh2 Qf4+
27. g3 Qf5 28. Ne4 Bf1 29. Nf2 h5 30. Qe1 Bc4 31. Re5 Qf3 32. Re8+ Rxe8 33.
Qxe8+ Kh7 34. Ne4 Qe2+ 35. Kg1 Qd1+ 36. Kh2 Qc2+ 37. Kg1 Qb1+ 38. Kh2 Qxb2+ 39.
Kg1 Qa1+ 40. Kh2 Qxa2+ 41. Kg1 Qb1+ 42. Kh2 Qc2+ 43. Kg1 Qd1+ 44. Kh2 Qe2+ 45.
Kg1 Qf1+ 46. Kh2 {#Diagram} 46... Qe2+ ( {Black should play} 46... Bxd5 {and
with f7 and f6 defended, extra pawns, mate threats, a paralysed knight that
will drop off after another queen check, black wins easily} ) 47. Kg1 Kg7 $2
{Letting white back into the game} 48. Qe5+ Kf8 $4 {g8 or h7 were safe} 49.
Qh8+ Ke7 50. Qf6+ Kf8 51. Qh8+ Ke7 52. Qf6+ Kf8 53. Qh8+ { At this stage to
claim a draw John just needed to announce his intention to play 53...Ke7
(establishing a threefold repetition) without playing the move.} 53... Ke7 54.
d6+ $1 {This time Don sees the winning idea} 54... Ke6 55. Qf6+ Kd5 56. Nc3+
1-0